000 00365nam a2200157Ia 4500
005 20250411051225.0
008 240331s9999 xx 000 0 und d
020 _a9552102006
082 _bRAT
_a891
100 _aRatnayake,M.S
245 0 _aAkkara paha
260 _aColombo
_bM.D.Gunasena Book
_c1991
300 _a261 p .,
650 _aLove Story
942 _cL
999 _c4924
_d4924